00397nam a2200157Ia 4500003000400000008004100004040001600045082001300061100001800074245004200092260003400134300001000168490002400178650001500202650002200217GCL140319s9999 xx 000 0 eng d aGCL / cGCL04a843bT C1 aTARDIEU, JEAN10aLA COMEDIE DU DRAME / cTARDIEU, JEAN a[S.N] : bGALLIMARD ، c1993 a243 P aCOLLECTION FOLIOv004aLITERATURE04aFRENCH LITERATURE